José Clemente Orozco /

Discurso pronunciado por el Arquitecto Ignacio Díaz Morales, en la sesión del Instituto Cultural Ignacio Dávila Garibi, el 10 de noviembre de 1983 en el auditorio Cristóbal de Oñate de la Cámara Nacional de Comercio de Guadalajara. Díaz Morales, más que un crítico de arte, era un reconocido arquitec...

ver descrição completa

Na minha lista:
Detalhes bibliográficos
Autor principal: Díaz Morales, Ignacio (autor)
Formato: Livro
Idioma:espanhol
Publicado em: Guadalajara, México : Cámara Nacional de Comercio de Guadalajara, Instituto Cultural Ignacio Dávila Garibi, 1984, c1984
Colecção:(Temas Jaliscienses ; 1)
Assuntos:
Tags: Adicionar Tag
Sem tags, seja o primeiro a adicionar uma tag!

MARC

LEADER 00000nam^a2200000^a^4500
001 000406281
005 20250526000000.0
009 20260310121855.212
037 |a Acervo ITESO - Biblioteca 
041 |a ESP 
082 |a 759. 97206  |b ORO DIA 
100 |a Díaz Morales, Ignacio  |e (autor) 
245 1 0 |a José Clemente Orozco /  |c I. Díaz Morales ; introd. de Rubén González Orozco. 
264 4 |a Guadalajara, México :  |b Cámara Nacional de Comercio de Guadalajara, Instituto Cultural Ignacio Dávila Garibi,  |c 1984, c1984 
300 |a 35 p. ;  |c 22.5 cm. 
336 |a texto  |b txt  |2 rdacontenido 
337 |a sin mediación  |b n  |2 rdamedio 
338 |a volumen  |b nc  |2 rdasoporte 
440 1 |a (Temas Jaliscienses ;  |v 1) 
520 |a Discurso pronunciado por el Arquitecto Ignacio Díaz Morales, en la sesión del Instituto Cultural Ignacio Dávila Garibi, el 10 de noviembre de 1983 en el auditorio Cristóbal de Oñate de la Cámara Nacional de Comercio de Guadalajara. Díaz Morales, más que un crítico de arte, era un reconocido arquitecto experto en estética y amigo personal del muralista José Clemente Orozco, sobre quien versa esta intervención. 
545 0 |a José Clemente Orozco (Zapotlán, 1883 - México, 1949) constituye, con Rivera y Siqueiros, el gran trío de la pintura mural mexicana, cuya propuesta estética, arraigada en el nacionalismo posrevolucionario, transformó la plástica del país. Autor de una obra de gran fuerza, donde expresa su sentido trágico de la vida, Orozco es creador de murales mundialmente famosos, como los del Instituto Cultural Cabañas y el Paraninfo de la Universidad de Guadalajara o los del Colegio de San Ildefonso en la ciudad de México. 
649 |a XX 
650 |a Arquitectos Jaliscienses -  |x Discursos 
650 |a Arquitectos Mexicanos -  |x Discursos 
650 |a Pintores Jaliscienses 
650 |a Pintores Mexicanos 
650 |a Artistas Jaliscienses 
650 |a Artistas Mexicanos 
650 |a Nacionalismo en la Pintura -  |z México -  |x Historia y Crítica 
650 |a Nacionalismo en el Arte -  |z México -  |x Historia y Crítica 
650 |a Pintura Mural -  |z Jalisco -  |x Historia y Crítica 
650 |a Pintura Mural -  |z México -  |x Historia y Crítica 
650 |a Pintura Jalisciense -  |x Historia y Crítica 
650 |a Pintura Jalisciense -  |y Siglo XX 
650 |a Pintura Mexicana -  |x Historia y Crítica 
650 |a Pintura Mexicana -  |y Siglo XX 
650 |a Arte Jalisciense -  |x Historia y Crítica 
650 |a Arte Jalisciense -  |y Siglo XX 
650 |a Arte Mexicano -  |x Historia y Crítica 
650 |a Arte Mexicano -  |y Siglo XX 
650 |a Orozco, José Clemente -  |x Tema Principal 
600 |a Díaz Morales, Ignacio 
910 |a Fondo Ignacio Díaz Morales 
920 |a Impresos - Libros 
930 |a Libros Antiguos y Raros 
940 |a Arquitectos Jaliscienses 
905 |a 108 
901 |a 0500310867  |b IT2  |c LRA  |i D70357  |u 20250526 
901 |a 0500310864  |b IT2  |c LRA  |i D70358  |u 20250526 
901 |a 0500310861  |b IT2  |c LRA  |i D70360  |u 20250526 
902 |a https://opac.biblio.iteso.mx/vufind/Record/000406281